ბათუმის შოთა რუსთაველის სახელმწიფო უნივერსიტეტის ბიბლიოთეკა

ღვთისმშობლის სარტყლის ქვეყანაში / (ბიბ.ჩანაწერი № 36405)

000 -ლიდერი
ფიქსირებული სიგრძის საკონტროლო ველი 01104nam a2200241Ia 4500
001 - საკონტროლო ნომერი
საკონტროლო ველი 2319
003 - საკონტროლო ნომრის იდენტიფიკატორი
საკონტროლო ველი GE_BSU
005 - ბოლო ოპერაციის თარიღი და დრო
საკონტროლო ველი 20190531145624.0
008 - ფიქსირებული სიგრძის მონაცემთა ელემენტები - ზოგადი ინფორმაცია
ფიქსირებული სიგრძის საკონტროლო ველი 181216s2008||||ge |||||||||||||| ||geo||
040 ## - კატალოგიზაციის წყარო
Transcribing agency GE_BSU
041 ## - ენის კოდი
Language code of text/sound track or separate title geo
080 ## - უნივერსალური ათობითი კლასიფიკაციის ინდექსი
Universal Decimal Classification number 271.222(479.22) ხ–16
100 ## - მთავარი ჩანაწერი - პიროვნების სახელი
Personal name ხაზარაძე, ნანა
Numeration ისტორიკოსი,
9 (RLIN) 1905
245 ## - ცნობა სათაურის შესახებ
Statement of responsibility, etc ნანა ხაზარაძე, ნინო მინდაძე; რედ. :თამარ ხოხობაშვილი.
Title ღვთისმშობლის სარტყლის ქვეყანაში /
264 ## - წარმოების, გამოცემის, დისტრიბუციის და სხვა ცნობები
გამოცემის, წარმოების, დისტრიბუციის... ადგილი თბილისი :
გამოცემის, წარმოების, დისტრიბუციის... სახელწოდება სამება,
გამოცემის, წარმოების, დისტრიბუციის... თარიღი 2008.
300 ## - ფიზიკური აღწერა
Extent 116 გვ.:
Other physical details ილ.
Dimensions 21სმ.
504 ## - BIBLIOGRAPHY, ETC. NOTE
Bibliography, etc ბიბლიოგრ. : გვ.108–110.
653 ## - INDEX TERM--UNCONTROLLED
Uncontrolled term რელიგია
653 ## - INDEX TERM--UNCONTROLLED
Uncontrolled term ქრისტიანობა
700 ## - ADDED ENTRY--PERSONAL NAME
Personal name მინდაძე, ნინო,
Relator term ავტორი
9 (RLIN) 1906
Dates associated with a name ისტორიკოსი
700 ## - ADDED ENTRY--PERSONAL NAME
Personal name ხოხობაშვილი, თამარ
Relator term რედაქტორი
9 (RLIN) 1907
942 ## - ADDED ENTRY ELEMENTS (KOHA)
Koha item type წიგნი
Source of classification or shelving scheme
ეგზემპლარები
ჩამოწერის სტატუსი დაკარგული ეგზემპლარის სტატუსი კლასიფიკაციის წყარო ან თაროზე გაწყობის სქემა დაზიანების სტატუსი არ გაიცემა მუდმივი მდებარეობა (დაცვის ადგილი) ამჟამინდელი ადგილსამყოფელი შეძენის თარიღი ღირებულება, შესყიდვის ნორმალური ფასი სრული შენახვის შიფრი შტრიხკოდი ბოლო ოპერაციის თარიღი ეგზემპლარის მიმდევრობითი ნომერი (კეტერი?) ფასის ძალაში შესვლის თარიღი ეგზემპლარის სახეობა საჯარო შენიშვნა
          ბათუმის შოთა რუსთაველის სახელმწიფო უნივერსიტეტის მთავარი ბიბლიოთეკა ბათუმის შოთა რუსთაველის სახელმწიფო უნივერსიტეტის მთავარი ბიბლიოთეკა 2018-12-17 5.00 271.222(479.22) ხ–16 4486 2018-12-17 4486 2018-12-17 წიგნი 5 ლ.